ბათუმის შოთა რუსთაველის სახელმწიფო უნივერსიტეტის ბიბლიოთეკა

Антология организационной психологии (ბიბ.ჩანაწერი № 35225)

000 -LEADER
fixed length control field 00670nam a2200241Ia 4500
001 - CONTROL NUMBER
control field 1071
003 - CONTROL NUMBER IDENTIFIER
control field GE_BSU
008 - FIXED-LENGTH DATA ELEMENTS--GENERAL INFORMATION
fixed length control field 181216s||||||||xx |||||||||||||| ||und||
020 ## - INTERNATIONAL STANDARD BOOK NUMBER
International Standard Book Number 5946960792
040 ## - CATALOGING SOURCE
Transcribing agency GE_BSU
080 ## - UNIVERSAL DECIMAL CLASSIFICATION NUMBER
Universal Decimal Classification number 316.354
100 ## - MAIN ENTRY--PERSONAL NAME
Personal name Стоу,М.Барри
245 ## - TITLE STATEMENT
Title Антология организационной психологии
245 ## - TITLE STATEMENT
Remainder of title Пер. с англ
260 ## - PUBLICATION, DISTRIBUTION, ETC.
Place of publication, distribution, etc. Москва
260 ## - PUBLICATION, DISTRIBUTION, ETC.
Name of publisher, distributor, etc. ООО"Вершина
260 ## - PUBLICATION, DISTRIBUTION, ETC.
Date of publication, distribution, etc. 2005
300 ## - PHYSICAL DESCRIPTION
Extent 712стр.
653 ## - INDEX TERM--UNCONTROLLED
Uncontrolled term Антология организационной психологии
653 ## - INDEX TERM--UNCONTROLLED
Uncontrolled term ფსიქოლოგია
942 ## - ADDED ENTRY ELEMENTS (KOHA)
Koha item type წიგნი
ეგზემპლარები
Withdrawn status Lost status Damaged status Not for loan Date acquired Barcode Date last seen Price effective from Koha item type
        2018-12-17 1152 2018-12-17 2018-12-17 წიგნი